000 00601nam a2200217Ia 4500
003 OSt
005 20260318160020.0
008 210210b1955 xxu||||| |||| 00| 0 eng d
040 _cAL
041 _aHindi
082 _a864/68
100 _aNAGENDRA
_dनागेंद्र
_9258879
245 _aVichar aur visleshan
_bविचार और विश्लेषण
260 _aDilli
_bNational Publishing House.
_c1955
650 _avisleshan
_9258880
650 _aVichar
_9258881
650 _aaur
_9258882
690 _aHindi Criticism
_9258883
906 _a023605
942 _2ddc
_cBK
999 _c148574
_d148574